000 01184nam a2200241 i 4500
001 163085
003 ES-MaACL
005 20250809063530.0
008 931025s1736 fr f |||| | fre d
100 1 _aRéaumur, René Antoine Ferchault de,
_d1683-1757
_9153964
245 1 0 _aMemoires pour servir a l'histoire des insectes /
_cpar M. de Reaumur... ; Tome second, suite de l'histoire des chenilles & des papillons et l'histoire des insectes envenis des chenilles.
260 _aa Paris :
_bde l'imprimerie royale,
_c1736.
300 _a4], XLVI, 2], 514, 2] p., 40] h. de grab. pleg. ;
_c4º.
530 _aDisponible en formato digital.
597 _aSign. : [ ]2, a-f4, A-Z4, 2A-2Z4, 3A-3S4, 3T2.
597 _aPort. con esc. xil.
599 _aGrab. calc. en comienzo de texto "Simoneau"
599 _aLas h. de grab. perg. calc. : "Simoneau" dibujos de insectos.
650 7 _aInsectos
_2embne
_913823
852 4 _aES-MaACL
_jR-1123-28
_z- Enc. pasta española
_z- Ex-libris de la Biblioteca Real
_xOlim: G-12039-44
856 4 _uhttps://hdl.handle.net/11441/120522
_zDepósito de Investigación Universidad de Sevilla
999 _c163085
_d163085